000 00785nam a2200253 u 4500
005 20221117063451.0
008 181019s2007 es r 000 0 spa d
020 _a842613324X
035 _aUPN01000227396
049 _aI
050 4 _aQC495.5
_bG8.2 2007
100 1 _aGutman, Anne
_932701
245 1 4 _aLos colores /
_cAnne Gutman, Georg Hallensleben ; tr. Christiane Reyes.
250 _a2a ed.
260 _aBarcelona, Esp. :
_bJuventud,
_c2007.
300 _a[14] p. :
_bprincipalmente il. col.
440 0 _aMira, mira
650 2 _aColores
_vLiteratura infantil
_921262
650 7 _aAnimales
_vLiteratura infantil
_2
_91061
650 7 _aLibros ilustrados para niƱos
_2
_921365
700 1 _aHallensleben, Georg,
_ecoaut.
905 _aInfantil
999 _c199491
_d199491